000 00433nam a2200193Ia 4500
003 OSt
005 20221005120753.0
006 a|||||r|||| 00| 0
007 ta
008 221004b |||||||| |||| 00| 0 eng d
024 _a111752
037 _cTextual
040 _aCRL
_cCRL
_beng
041 _2eng
_aeng
245 0 _aFacts about Congo
_b Evolution
260 _c1958
942 _cTEXL
_2cc
999 _c1039066
_d1039066